Spell the Marvel Character #404 - Statistics

General Stats
  • This quiz has been taken 12 times
  • The average score is 6 of 7
Answer Stats
Picture Answer % Correct
Red Hulk
100%
Thor (Jane Foster)
100%
Lockjaw
92%
Arana
83%
Outlaw
75%
Pixie
75%
Portal
75%
No matching quizzes found
Score Distribution
Percent of People with Each Score
Percentile by Number Answered
Your Score History
You have not taken this quiz